000 00321nam a22001337a 4500
008 170801b xxu||||| |||| 00| 0 eng d
020 _a9780262071550
041 _aeng
080 _a004
100 _a32
101 _aSHK
245 _aTHEORETICAL ASPECTS OF OBJECT- ORIENTED PROGRAMMING
_cGUNTER,C.A
942 _2udc
_cBK
999 _c22373
_d22373